Datum a čas kvízu

24 Celkem bodů Celkový počet nahraných bodů na tomto kvízu bez doplňovacích otázek.
6. Pořadí na kvízu Konečné umístění týmu na tomto kvízu.

Zaznamenané odpovědi

# Otázka Odpověď Body Výsledky
1. Ministr pro sport, prevenci a... A 1
2. Co neobvyklého našli lékaři v... dělostřelecký granát 0
3. V noci z neděle na pondělí byl... Bad Bunny; Kendrick Lamar 1
4. Která fiktivní postava z fanta... B) Draco Malfoy 0
5. Přestože oficiální zahájení ol... v curlingu 1
6. 17. února 1600 byl na Campo de... Giordano Bruno 1
7. 8. února 1700 se narodil Danie... A) proudění tekutin 0
8. Za kulatý letopočet budeme dne... Brouček 1
9. 19. března 1900 se v Paříži na... Frédéric Joliot-Curie 0
10. Od 15. září do 1. října 2000 s... Jan Železný; Sydney 0